| 000 | 01353nam a2200277Ia 4500 | ||
|---|---|---|---|
| 000 | 01872naaa 00397uu | ||
| 001 | https://directory.doabooks.org/handle/20.500.12854/63702 | ||
| 005 | 20260218105618.0 | ||
| 008 | 211013s9999 xx 000 0 und d | ||
| 024 | _a10.1515/9783110647044 | ||
| 042 | _adc | ||
| 245 | 0 | _aCultural Techniques : Assembling Spaces, Texts & Collectives | |
| 260 |
_aBerlin/Boston _bDe Gruyter _c2020 |
||
| 300 | _a1 electronic resource (345 p.) | ||
| 520 | _aAddressing cultural techniques from different disciplinary perspectives, this volume elaborates upon a concept originally developed in media studies. In a series of case studies, it reconstructs the basic operations of spatialization underlying more complex symbolic artefacts and articulations, which range from techniques of the body to landscapes, from paperwork to encyclopedias, from collections to collectives. | ||
| 540 | _aCreative Commons | ||
| 653 | _aCultural techniques | ||
| 700 | 1 | _aDunne, Jorg | |
| 700 | 1 | _aDunne, Jorg | |
| 700 | 1 | _aFehringer, Kathrin | |
| 700 | 1 | _aKuhn, Kristina | |
| 700 | 1 | _aStruck, Wolfgang | |
| 856 |
_uhttps://docs.google.com/spreadsheets/d/1yKIrdCPDAG_9c22mwoOIO2DOhtj65Wqa/edit?usp=sharing&ouid=106555315294820607512&rtpof=true&sd=true _yList of Curated E-Books |
||
| 942 | _cE-BOOK | ||
| 999 |
_c89799 _d89796 |
||